| Tag |
First Indicator |
Second Indicator |
Subfields |
| LEADER |
00000cam a2200000 a 4500 |
| 001 |
in00002785364 |
| 005 |
20211120170503.0 |
| 006 |
m o d f |
| 007 |
cr bn||||a|||| |
| 008 |
121031s2012 dcua ob f000 0 eng c |
| 035 |
|
|
|a (OCoLC)ocn815525598
|
| 040 |
|
|
|a GPO
|b eng
|c GPO
|d OCLCQ
|d GPO
|d OCLCF
|d OCLCO
|d GPO
|d MvI
|d UtOrBLW
|
| 042 |
|
|
|a pcc
|
| 043 |
|
|
|a n-us---
|
| 049 |
|
|
|a WWW
|
| 050 |
1 |
4 |
|a KF27
|b .B5364 2012k
|
| 074 |
|
|
|a 1013-E (online)
|
| 086 |
0 |
|
|a Y 4.F 49/20:112-133
|
| 088 |
|
|
|a Serial no. 112-133 (United States. Congress. House. Committee on Financial Services)
|
| 110 |
1 |
|
|a United States.
|b Congress.
|b House.
|b Committee on Financial Services.
|b Subcommittee on Financial Institutions and Consumer Credit.
|
| 245 |
1 |
3 |
|a An examination of the Federal Reserve's final rule on the CARD Act's "ability to repay" requirement :
|b hearing before the Subcommittee on Financial Institutions and Consumer Credit of the Committee on Financial Services, U.S. House of Representatives, One Hundred Twelfth Congress, second session, June 6, 2012.
|
| 264 |
|
1 |
|a Washington :
|b U.S. G.P.O.,
|c 2012.
|
| 300 |
|
|
|a 1 online resource (v, 75 pages) :
|b illustrations
|
| 336 |
|
|
|a text
|b txt
|2 rdacontent
|
| 337 |
|
|
|a computer
|b c
|2 rdamedia
|
| 338 |
|
|
|a online resource
|b cr
|2 rdacarrier
|
| 500 |
|
|
|a Title from title screen (viewed on Oct. 31, 2012).
|
| 500 |
|
|
|a Paper version available for sale by the Supt. of Docs., U.S. G.P.O.
|
| 504 |
|
|
|a Includes bibliographical references.
|
| 500 |
|
|
|a "Serial number 112-133."
|
| 500 |
|
|
|a Electronic resource.
|
| 650 |
|
0 |
|a Credit cards
|x Law and legislation
|z United States.
|
| 650 |
|
0 |
|a Consumer credit
|x Law and legislation
|z United States.
|
| 650 |
|
7 |
|a Consumer credit
|x Law and legislation.
|2 fast
|0 (OCoLC)fst00876284
|
| 650 |
|
7 |
|a Credit cards
|x Law and legislation.
|2 fast
|0 (OCoLC)fst00882571
|
| 651 |
|
7 |
|a United States.
|2 fast
|0 (OCoLC)fst01204155
|
| 776 |
0 |
8 |
|i Print version:
|a United States. Congress. House. Committee on Financial Services. Subcommittee on Financial Institutions and Consumer Credit.
|t Examination of the Federal Reserve's final rule on the CARD Act's "ability to repay" requirement
|w (DLC) 2013376677
|w (OCoLC)820958232
|
| 776 |
0 |
8 |
|i Microfiche version:
|a United States. Congress. House. Committee on Financial Services. Subcommittee on Financial Institutions and Consumer Credit.
|t Examination of the Federal Reserve's final rule on the CARD Act's "ability to repay" requirement
|w (OCoLC)830325898
|
| 856 |
4 |
0 |
|u https://purl.fdlp.gov/GPO/gpo30687
|t 0
|
| 999 |
|
|
|a MARS
|
| 999 |
f |
f |
|s 29399f90-0a1e-3025-9d29-8f9c8f4a89e7
|i a0f1bfcd-3a52-3ebe-b357-a020087f753c
|t 0
|
| 952 |
f |
f |
|a Texas A&M University
|b College Station
|c Electronic Resources
|d Available Online
|t 0
|e Y 4.F 49/20:112-133
|h Superintendent of Documents classification
|
| 998 |
f |
f |
|a Y 4.F 49/20:112-133
|t 0
|l Available Online
|